| 000 | 00636nam a2200193 a 4500 | ||
|---|---|---|---|
| 005 | 20210223120835.0 | ||
| 008 | 991125s1978 es 000 0 spa u | ||
| 020 | _a8425206944 | ||
| 035 | _aUPN01000008197 | ||
| 049 | _aCG | ||
| 050 | 4 |
_aPN1993.5 R9 _bC5.28 |
|
| 245 | 0 | 0 |
_aCine y vanguardia en la Unión Soviética : _bla fábrica del actor excéntrico (FEKS) / _ced. Giusi Rapisarda ; tr. Dolores Cantieri. |
| 260 |
_aBarcelona, Esp. : _bG. Gili, _c1978. |
||
| 300 |
_a283 p. : _bfotos |
||
| 440 | 0 | _aComunicación visual | |
| 650 | 4 |
_aCINEMATOGRAFIA - _zRUSIA - _xHISTORIA _910602 |
|
| 700 | 1 |
_aRapisarda, Giusi, _eed. |
|
| 905 | _aLibro | ||
| 999 |
_c8197 _d8197 |
||